Windsurfer 100% surf magazine

Bibliographic Details
Other Authors: Smoliga, Jakub (Publishing director)
Format: Journal
Language:Slovak
Czech
PhysicalDescription:zv. 28 - 30 cm
Published: Bratislava Sportmedia 2008-
ISSN:1337-7582
Subjects:
Online Access:http://www.windsurfmagazin.sk

MARC

LEADER 00000cas a2200000 a 4500
001 vtls009295357
003 SK-MaSNL
005 20260228162331.0
008 080519c20089999xo qr p 0 b0slo
022 |a 1337-7582 
035 |a (SVKBB)vtls000287945 
040 |a SVKBB  |b slo  |c SVKBB  |d SAVUK  |d SNK  |e AACR2 
041 0 |a slo  |a cze 
044 |a xo  |c SK 
072 7 |a 797  |x Vodné športy. Letecké športy  |2 konspekt 
080 |a 797.1/.2  |2 2011 
080 |a 797.178  |2 2011 
080 |a 050  |2 2011 
080 |a (051)-048.55  |2 2011 
210 0 |a Windsurfer  |b (Bratisl.) 
222 0 |a Windsurfer  |b (Bratislava) 
245 0 0 |a Windsurfer  |b 100% surf magazine 
246 3 2 |a Kitesurfer 
246 3 2 |a Windsurfer-Kitesurfer 
260 |a Bratislava  |b Sportmedia  |c 2008- 
300 |a zv.  |c 28 - 30 cm 
310 |a 4x ročne  |b 2009- 
321 |a 3x ročne  |b 2008 
362 0 |a Roč. 1, č. 1 (2008)- 
500 |a Súčasne s časopisom Windsurfer vychádza zvratmo od č. 1/2012 časopis Kitesurfer. Majú rovnaké číslovanie a jednu tiráž 
500 |a Šéfredaktor:1/2008-4/2010, Jakub Smoliga 
500 |a Evidenčné číslo: EV 3230/09 
500 |a Podnázov od č. 1/2010-4/2011: windsurfing, kitesurfing, surfing ; 1/2012-,: windsurfing, kitesurfing, surfing, wake 
500 |a Časopis má aj priebežné číslovanie 
500 |a Rovnaké ročníky majú uvedené roky 2015 a 2016 (roč. 8); r. 2017 a 2018 (roč. 10); r. 2022 a 2023 (roč. 14) 
650 0 7 |a vodné športy  |2 SNKPH  |9 3221 
650 0 7 |a windsurfing  |2 SNKPH  |9 25829 
650 0 7 |a Water sports  |2 SNKPHeng  |9 270814 
650 0 7 |a surfing  |2 SNKPHeng  |9 30885 
655 7 |a špecializované časopisy  |2 SNKPH  |9 70509 
700 1 |a Smoliga, Jakub  |4 pbd  |9 270815 
852 |a Štátna vedecká knižnica v Banskej Bystrici 
856 4 1 |u http://www.windsurfmagazin.sk 
910 |a snk 
910 |a savuk 
910 |a svkbb 
999 |c 7597  |d 9527 
952 |0 0  |1 0  |4 0  |7 0  |8 0  |a SNK  |b SNK  |d 2023-08-03  |i snk2023/11636  |l 0  |o snkČSB 6416/11/2019 D1  |p 17A1521115  |r 2026-02-21 19:49:24  |t č. 1-4  |w 2026-02-21  |y PREZ 
952 |0 0  |1 0  |4 0  |7 0  |8 0  |a SNK  |b SNK  |d 2023-08-03  |i snk2023/11637  |l 0  |o snkČSB 6416/12/2020  |p 17A1521116  |r 2026-02-21 19:49:24  |t č. 1-4  |w 2026-02-21  |y PREZ 
952 |0 0  |1 0  |4 0  |7 0  |8 0  |a SNK  |b SNK  |d 2023-08-03  |i snk2023/11638  |l 0  |o snkČSB 6416/12/2020 D1  |p 17A1521117  |r 2026-02-21 19:49:24  |t č. 1-4  |w 2026-02-21  |y PREZ 
952 |0 0  |1 0  |4 0  |7 0  |8 0  |a SNK  |b SNK  |d 2023-08-03  |i snk2023/11639  |l 0  |o snkČSB 6416/13/2021  |p 17A1521118  |r 2026-02-21 19:49:24  |t č. 1-4  |w 2026-02-21  |y PREZ 
952 |0 0  |1 0  |4 0  |7 0  |8 0  |a SNK  |b SNK  |d 2023-08-03  |i snk2023/11641  |l 0  |o snkČSB 6416/14/2022  |p 17A1521119  |r 2026-02-21 19:49:24  |t č. 1-4  |w 2026-02-21  |y PREZ 
952 |0 0  |1 0  |4 0  |7 3  |8 0  |a SNK  |b SNK  |d 2026-01-09  |i snk2026/143  |l 0  |o snkČSB 6416/14/2023  |p 17A1558632  |r 2026-02-21 20:11:59  |t č. 1-4  |w 2026-02-21  |y PREZ 
952 |0 0  |1 0  |4 0  |7 3  |8 0  |a SNK  |b SNK  |d 2026-01-09  |i snk2026/145  |l 0  |o snkČSB 6416/15/2024  |p 17A1558633  |r 2026-02-21 20:11:59  |t č. 1-4  |w 2026-02-21  |y PREZ 
952 |0 0  |1 0  |4 0  |7 0  |8 0  |a SNK  |b SNK  |d 2019-09-16  |i snk2019/22975  |l 0  |o snkČSB 6416/10/2017  |p 17A1383392  |r 2026-02-21 21:52:22  |t č. 1-4   |w 2026-02-21  |y PREZ 
952 |0 0  |1 0  |4 0  |7 0  |8 0  |a SNK  |b SNK  |d 2019-09-16  |i snk2019/22976  |l 0  |o snkČSB 6416/10[11]/2018  |p 17A1383393  |r 2026-02-21 21:52:22  |t č. 1-4  |w 2026-02-21  |y PREZ 
952 |0 0  |1 0  |4 0  |7 0  |8 0  |a SNK  |b SNK  |d 2019-09-16  |i snk2019/22977  |l 0  |o snkČSB 6416/10/2017 D1  |p 17A1383394  |r 2026-02-21 21:52:22  |t č. 1-4  |w 2026-02-21  |y PREZ 
952 |0 0  |1 0  |4 0  |7 0  |8 0  |a SNK  |b SNK  |d 2019-09-16  |i snk2019/22979  |l 0  |o snkČSB 6416/10[11]/2018 D1  |p 17A1383395  |r 2026-02-21 21:52:22  |t č. 1-4  |w 2026-02-21  |y PREZ 
952 |0 0  |1 0  |4 0  |7 0  |8 0  |a SNK  |b SNK  |d 2017-05-17  |i snk2017/11456  |l 0  |o snkČSB 6416/1/2008  |p 17A1206530  |r 2026-02-21 22:11:13  |t č. 1-3  |w 2026-02-21  |y PREZ 
952 |0 0  |1 0  |4 0  |7 0  |8 0  |a SNK  |b SNK  |d 2017-05-17  |i snk2017/11460  |l 0  |o snkČSB 6416/1/2008 D1  |p 17A1206531  |r 2026-02-21 22:11:13  |t č. 1-3  |w 2026-02-21  |y PREZ 
952 |0 0  |1 0  |4 0  |7 0  |8 0  |a SNK  |b SNK  |d 2017-05-17  |i snk2017/11464  |l 0  |o snkČSB 6416/2/2009  |p 17A1206532  |r 2026-02-21 22:11:13  |t č. 1-4  |w 2026-02-21  |y PREZ 
952 |0 0  |1 0  |4 0  |7 0  |8 0  |a SNK  |b SNK  |d 2017-05-17  |i snk2017/11466  |l 0  |o snkČSB 6416/2/2009 D1  |p 17A1207126  |r 2026-02-21 22:11:14  |t č. 1-4  |w 2026-02-21  |y PREZ 
952 |0 0  |1 0  |4 0  |7 0  |8 0  |a SNK  |b SNK  |d 2017-05-17  |i snk2017/11467  |l 0  |o snkČSB 6416/3/2010  |p 17A1207125  |r 2026-02-21 22:11:17  |t č. 1-4  |w 2026-02-21  |y PREZ 
952 |0 0  |1 0  |4 0  |7 0  |8 0  |a SNK  |b SNK  |d 2017-05-17  |i snk2017/11478  |l 0  |o snkČSB 6416/3/2010 D1  |p 17A1207124  |r 2026-02-21 22:11:17  |t č. 1-4  |w 2026-02-21  |y PREZ 
952 |0 0  |1 0  |4 0  |7 0  |8 0  |a SNK  |b SNK  |d 2017-05-17  |i snk2017/11488  |l 0  |o snkČSB 6416/4/2011  |p 17A1207123  |r 2026-02-21 22:11:17  |t č. 1-3  |w 2026-02-21  |y PREZ 
952 |0 0  |1 0  |4 0  |7 0  |8 0  |a SNK  |b SNK  |d 2017-05-17  |i snk2017/11492  |l 0  |o snkČSB 6416/4/2011 D1  |p 17A1206965  |r 2026-02-21 22:11:17  |t č. 1-3  |w 2026-02-21  |y PREZ 
952 |0 0  |1 0  |4 0  |7 0  |8 0  |a SNK  |b SNK  |d 2017-05-18  |i snk2017/11525  |l 0  |o snkČSB 6416/5/2012  |p 17A1206966  |r 2026-02-21 22:11:31  |t č. 1-4  |w 2026-02-21  |y PREZ 
952 |0 0  |1 0  |4 0  |7 0  |8 0  |a SNK  |b SNK  |d 2017-05-18  |i snk2017/11533  |l 0  |o snkČSB 6416/5/2012 D1  |p 17A1206967  |r 2026-02-21 22:11:35  |t č. 1-4  |w 2026-02-21  |y PREZ 
952 |0 0  |1 0  |4 0  |7 0  |8 0  |a SNK  |b SNK  |d 2017-05-18  |i snk2017/11547  |l 0  |o snkČSB 6416/6/2013  |p 17A1206968  |r 2026-02-21 22:11:35  |t č. 1-4  |w 2026-02-21  |y PREZ 
952 |0 0  |1 0  |4 0  |7 0  |8 0  |a SNK  |b SNK  |d 2017-05-18  |i snk2017/11552  |l 0  |o snkČSB 6416/6/2013 D1  |p 17A1206969  |r 2026-02-21 22:11:35  |t č. 1-4  |w 2026-02-21  |y PREZ 
952 |0 0  |1 0  |4 0  |7 0  |8 0  |a SNK  |b SNK  |d 2017-05-18  |i snk2017/11566  |l 0  |o snkČSB 6416/7/2014  |p 17A1206970  |r 2026-02-21 22:11:35  |t č. 1-4 + 1 príl.  |w 2026-02-21  |y PREZ  |z Príl.: Windsurfer - Kitesurfer 2015 v č. 4 
952 |0 0  |1 0  |4 0  |7 0  |8 0  |a SNK  |b SNK  |d 2017-05-18  |i snk2017/11567  |l 0  |o snkČSB 6416/7/2014 D1  |p 17A1206971  |r 2026-02-21 22:11:35  |t č. 1-4 + 1 príl.  |w 2026-02-21  |y PREZ  |z Príl.: Windsurfer - Kitesurfer 2015 v č. 4 
952 |0 0  |1 0  |4 0  |7 0  |8 0  |a SNK  |b SNK  |d 2017-05-18  |i snk2017/11569  |l 0  |o snkČSB 6416/8/2015  |p 17A1206972  |r 2026-02-21 22:11:35  |t č. 1-4 + 1 príl.  |w 2026-02-21  |y PREZ  |z Príl.: Fuerteventura v č. 1 
952 |0 0  |1 0  |4 0  |7 0  |8 0  |a SNK  |b SNK  |d 2017-05-18  |i snk2017/11572  |l 0  |o snkČSB 6416/8/2015 D1  |p 17A1206973  |r 2026-02-21 22:11:35  |t č. 1-4 + 1 príl.  |w 2026-02-21  |y PREZ  |z Príl.: Fuerteventura v č. 1 
952 |0 0  |1 0  |4 0  |7 0  |8 0  |a SNK  |b SNK  |d 2017-05-18  |i snk2017/11591  |l 0  |o snkČSB 6416/8[9]/2016  |p 17A1206974  |r 2026-02-21 22:11:35  |t č. 1-4  |w 2026-02-21  |y PREZ 
952 |0 0  |1 0  |4 0  |7 0  |8 0  |a SNK  |b SNK  |d 2017-05-18  |i snk2017/11593  |l 0  |o snkČSB 6416/8[9]/2016 D1  |p 17A1206975  |r 2026-02-21 22:11:35  |t č. 1-4  |w 2026-02-21  |y PREZ 
952 |0 0  |1 0  |4 0  |7 0  |8 0  |a SNK  |b SNK  |d 2020-10-06  |i snk2020/17867  |l 0  |o snkČSB 6416/11/2019  |p 17A1431803  |r 2026-02-21 22:16:13  |t č. 1-4  |w 2026-02-21  |y PREZ